01284caa a22001932a 4500001000900000003001100009008004300020092001600063100003800079245012000117300001400237500012500251942000900376999001700385773017200402773017200574773017200746773017200918 019765 AR-FADEU 311216n########xxu####################dd aD347.5bE83 aFernández de la Gándara, Luis aTradición y reforma en el mercado de control societario : decimotercera directiva comunitaria y derecho español aPP. 51-80 aEn: Derecho comercial y de los negocios : sociedades concursos / Raúl Aníbal Etcheverry. Buenos Aires : Eudeba, 2007 cBDGR c25491d254910 025484924840aEtcheverry, Raúl AníbalbdBuenos Aireso17703tDerecho comercial y de los negocios : sociedades concursosw( AR-FADEU) 019758xz978-950-23-1574-40 025484924841aEtcheverry, Raúl AníbalbdBuenos Aireso17704tDerecho comercial y de los negocios : sociedades concursosw( AR-FADEU) 019758xz978-950-23-1574-40 025484924842aEtcheverry, Raúl AníbalbdBuenos Aireso17705tDerecho comercial y de los negocios : sociedades concursosw( AR-FADEU) 019758xz978-950-23-1574-40 025484924843aEtcheverry, Raúl AníbalbdBuenos Aireso17706tDerecho comercial y de los negocios : sociedades concursosw( AR-FADEU) 019758xz978-950-23-1574-4